书目信息 |
| 题名: |
体育运动竞赛规则大全
|
|
| 作者: | 郭邦海 主编 | |
| 分册: | 第四卷 | |
| 出版信息: | 北京 中国广播电视出版社 2000 |
|
| 页数: | 2052-2745页 | |
| 开本: | 20cm | |
| 丛书名: | ||
| 单 册: | ||
| 中图分类: | G812.31 | |
| 科图分类: | ||
| 主题词: | 竞赛规则--体育运动--中国--汇编 , 竞赛规则 , 体育运动 | |
| 电子资源: | ||
| ISBN: | 7-5043-3476-6 | |
| 000 | 00841nam0 2200241 450 | |
| 001 | 1253737553 | |
| 005 | 20121007145848.60 | |
| 010 | @a7-5043-3476-6@dCNY32.80 | |
| 100 | @a20000602d2000 em y0chiy0110 ea | |
| 101 | 0 | @achi |
| 102 | @aCN@b110000 | |
| 105 | @ay l 000yy | |
| 200 | 1 | @a体育运动竞赛规则大全@Ati yu yun dong jing sai gui ze da quan@h第四卷@f郭邦海主编 |
| 210 | @a北京@c中国广播电视出版社@d2000 | |
| 215 | @a2052-2745页@d20cm | |
| 330 | @a本书共收录19大类体育传统项目的竞赛规则122个,少数民族体育运动会项目竞赛规则17个,工会大众体育编创项目竞赛细则166个,还介绍了全国55个民族体育运动的开展情况。 | |
| 606 | 0 | @a竞赛规则@x体育运动@y中国@x汇编 |
| 606 | 0 | @a竞赛规则 |
| 606 | 0 | @a体育运动 |
| 690 | @aG812.31@v4 | |
| 701 | 0 | @a郭邦海@Aguo bang hai@4主编 |
| 801 | 0 | @aCN@bNLC@c20101222 |
| 905 | @a10447@dG812.31@eJY197:4 | |
| 体育运动竞赛规则大全.第四卷/郭邦海主编.-北京:中国广播电视出版社,2000 |
| 2052-2745页;20cm |
| ISBN 7-5043-3476-6:CNY32.80 |
| 本书共收录19大类体育传统项目的竞赛规则122个,少数民族体育运动会项目竞赛规则17个,工会大众体育编创项目竞赛细则166个,还介绍了全国55个民族体育运动的开展情况。 |
| ● |
| 相关链接 |
|
|
|
|
正题名:体育运动竞赛规则大全
索取号:G812.31/JY197:4
 
预约/预借
| 序号 | 登录号 | 条形码 | 馆藏地/架位号 | 状态 | 备注 |
| 1 | 7828580 | 278285801 | 学院路分馆/ [索取号:G812.31/JY197:4] | 在馆 | |
| 2 | 7828581 | 278285810 | 学院路分馆/ [索取号:G812.31/JY197:4] | 在馆 | |
| 3 | 7828582 | 278285829 | 学院路分馆/ [索取号:G812.31/JY197:4] | 在馆 | |
| 4 | 7828583 | 278285838 | 学院路分馆/ [索取号:G812.31/JY197:4] | 在馆 |